Studien zur Wortbildung und Etymologie der finnisch-ungarischen Sprachen

Elmentve itt :
Bibliográfiai részletek
Szerző: Kiss Jenő
További közreműködők: Bartens Hans-Hermann
Dokumentumtípus: Könyv
Megjelent: JATE Szeged 1976
Sorozat:Studia uralo-altaica 9
Kulcsszavak:Finnugor nyelvek - szóképzés, Szóképzés - finnugor nyelvek, Finnugor nyelvek - etimológia, Finnugor nyelvek - etimológiai szótár
Tárgyszavak:
Online Access:http://acta.bibl.u-szeged.hu/38725
LEADER 00860nam a2200217 i 4500
001 acta38725
005 20230508150601.0
008 161201s1976 hu o 0|| ger d
022 |a 0133-4239 
040 |a SZTE Egyetemi Kiadványok Repozitórium  |b hun 
041 |a ger 
100 1 |a Kiss Jenő 
245 1 0 |a Studien zur Wortbildung und Etymologie der finnisch-ungarischen Sprachen  |h [elektronikus dokumentum] /  |c  Kiss Jenő 
260 |a JATE  |b Szeged  |c 1976 
300 |a 111 p.  |c 25 cm 
490 0 |a Studia uralo-altaica  |v 9 
650 4 |a Bölcsészettudományok 
650 4 |a Nyelvek és irodalom 
695 |a Finnugor nyelvek - szóképzés, Szóképzés - finnugor nyelvek, Finnugor nyelvek - etimológia, Finnugor nyelvek - etimológiai szótár 
700 0 1 |a Bartens Hans-Hermann 
856 4 0 |u http://acta.bibl.u-szeged.hu/38725/1/altaica_009.pdf  |z Dokumentum-elérés